000 00659nam a2200217 i 4500
001 64834
003 ES-MaACL
005 20230906165225.0
007 t|
008 040105s1966 sp ||||1| spa d
100 1 _aFourastie, Jean.
_9182927
245 1 0 _aInventario del porvenir
_b: las 40.000 horas /
_cJean Fourastie ; [traducción de Roberto Bieger].
260 _aMadrid :
_bCid,
_c[1966]
300 _a336 p. ;
_c20 cm.
490 1 _aEsquemas del futuro
700 1 _aBieger, Roberto.
_928802
830 0 _aEsquemas del futuro
_9180968
852 _aES-MaACL
_jC-29899
_bR.60521
852 _aES-MaACL
_jC-30784
_bR.60298
999 _c64834
_d64834